Характеристика положения тела спортсмена в безопорном положении с точки зрения биомеханических основ; Ресурсоэффективным технологиям - энергию и энтузиазм молодых

Бібліографічні деталі
Parent link:Ресурсоэффективным технологиям - энергию и энтузиазм молодых.— 2015.— [С. 523-527]
Автор: Разуванова А. В. Анна Владимировна
Співавтор: Национальный исследовательский Томский политехнический университет (ТПУ)
Резюме:Заглавие с титульного экрана
Мова:Російська
Опубліковано: 2015
Серія:Основные теоретико-методологические и прикладные направления развития естественных наук: физики, химии, математики
Предмети:
Онлайн доступ:http://earchive.tpu.ru/handle/11683/19360
http://www.lib.tpu.ru/fulltext/c/2015/C08/155.pdf
Формат: Електронний ресурс Частина з книги
KOHA link:https://koha.lib.tpu.ru/cgi-bin/koha/opac-detail.pl?biblionumber=612412

MARC

LEADER 00000naa2a2200000 4500
001 612412
005 20231101132715.0
035 |a (RuTPU)RU\TPU\conf\10534 
035 |a RU\TPU\conf\10533 
090 |a 612412 
100 |a 20150615d2015 k y0rusy50 ca 
101 0 |a rus 
102 |a RU 
105 |a y z 101zy 
135 |a drcn ---uucaa 
181 0 |a i  
182 0 |a b 
200 1 |a Характеристика положения тела спортсмена в безопорном положении с точки зрения биомеханических основ  |f А. В. Разуванова 
203 |a Текст  |c электронный 
225 1 |a Основные теоретико-методологические и прикладные направления развития естественных наук: физики, химии, математики 
230 |a 1 компьютерный файл (pdf; 557 Кб) 
300 |a Заглавие с титульного экрана 
320 |a [Библиогр.: с. 527 (4 назв.)] 
337 |a Adobe Reader 
463 0 |0 (RuTPU)RU\TPU\conf\10353  |t Ресурсоэффективным технологиям - энергию и энтузиазм молодых  |o сборник научных трудов VI Всероссийской конференции, г. Томск, 22-24 апреля 2015 г.  |f Национальный исследовательский Томский политехнический университет (ТПУ)   |v [С. 523-527]  |d 2015 
610 1 |a труды учёных ТПУ 
610 1 |a электронный ресурс 
610 1 |a положение 
610 1 |a тела 
610 1 |a спортсмены 
610 1 |a биохимические основы 
610 1 |a безопорное положение 
610 1 |a функциональная диагностика 
700 1 |a Разуванова  |b А. В.  |c специалист по учебно-методической работе Томского политехнического университета  |f 1989-  |g Анна Владимировна  |2 stltpush  |3 (RuTPU)RU\TPU\pers\35506 
712 0 2 |a Национальный исследовательский Томский политехнический университет (ТПУ)  |c (2009- )  |2 stltpush  |3 (RuTPU)RU\TPU\col\15902 
801 2 |a RU  |b 63413507  |c 20210119  |g RCR 
856 4 |u http://earchive.tpu.ru/handle/11683/19360 
856 4 |u http://www.lib.tpu.ru/fulltext/c/2015/C08/155.pdf 
942 |c BK